Logros y retos de la integración centroamericana /

Gespeichert in:
Bibliographische Detailangaben
1. Verfasser: Arias Calderón, Ricardo
Format: Text
Tags: Tag hinzufügen
Keine Tags, Fügen Sie den ersten Tag hinzu!

MARC

LEADER 00000 a a2200000 04500
001 48093
003
040
100 |a Arias Calderón, Ricardo  
245 |a Logros y retos de la integración centroamericana /  |c Ricardo Arias Calderón  
773 |g número41, (enero-marzo, 1996), páginas 17-22  
999 |c 37388  |d 37388